Prefectures of the Central African Republic (CAR) - Statistics

General Stats
  • This quiz has been taken 42 times
  • The average score is 10 of 17
Answers on the Map
Answers color-coded by a green-red scale on the quiz's map according to % correct below.
 
Answer Stats
Answer % Correct
Bangui
77%
Kémo
77%
Haute-Kotto
69%
Haut-Mbomou
69%
Mbomou
69%
Nana-Grébizi
69%
Ouaka
69%
Vakaga
69%
Bamingui-Bangoran
62%
Basse-Kotto
62%
Ouham
62%
Ouham-Pendé
62%
Lobaye
54%
Nana-Mambéré
46%
Ombella-M’Poko
46%
Sangha Mbaéré
46%
Mambéré Kadéï
38%
No matching quizzes found
Score Distribution
Percent of People with Each Score
Percentile by Number Answered
Your Score History
You have not taken this quiz